Welcome to CU Library Online Public Access Catalogue (OPAC)

The Practice of Reading (Record no. 9583)

MARC details
000 -LEADER
fixed length control field 00403nam a22001457a 4500
005 - DATE AND TIME OF LATEST TRANSACTION
control field 20260422201208.0
008 - FIXED-LENGTH DATA ELEMENTS--GENERAL INFORMATION
fixed length control field 260422b |||||||| |||| 00| 0 eng d
020 ## - INTERNATIONAL STANDARD BOOK NUMBER
International Standard Book Number 9780300082647
050 ## - LIBRARY OF CONGRESS CALL NUMBER
Classification number PR21
Item number .D66
100 ## - MAIN ENTRY--PERSONAL NAME
Personal name Donoghue, Denis
245 ## - TITLE STATEMENT
Title The Practice of Reading
Statement of responsibility, etc. Denis Donoghue
260 ## - PUBLICATION, DISTRIBUTION, ETC.
Place of publication, distribution, etc. New Haven
-- London
Name of publisher, distributor, etc. Yale University Press
Date of publication, distribution, etc. 1998
300 ## - PHYSICAL DESCRIPTION
Extent x. 307p.
Dimensions 23.5cm
942 ## - ADDED ENTRY ELEMENTS (KOHA)
Source of classification or shelving scheme Library of Congress Classification
Koha item type Books
Suppress in OPAC No
999 ## -
-- 9583
-- 9583
Holdings
Withdrawn status Lost status Source of classification or shelving scheme Damaged status Not for loan Collection Home library Current library Shelving location Date acquired Total checkouts Full call number Barcode Date last seen Copy number Price effective from Koha item type
    Library of Congress Classification     Non-fiction Business Library (Miotso) Business Library (Miotso) General stacks 04/22/2026   PR21 .D66 DON BSSM00003679 04/22/2026 1 04/22/2026 Books
© 2023-2024 Copyright: Central University Libraries. All Rights Reserved | Created by: Mahone Tech Office